Statistics for Most Populous Cities on a Country Map - Tile Select

Click here to take the quiz!

General Stats

  • This quiz has been taken 27 times
  • The average score is 28 of 45

Answer Stats

QuestionTileSelect% Correct
All tiles containing a City with more than 1M PeopleNo
96%
All tiles containing a City with more than 1M PeopleYes
96%
All tiles containing a City with more than 1M PeopleYes
96%
All tiles containing a City with more than 10M PeopleYes
88%
All tiles containing a City with more than 10M PeopleYes
88%
All tiles containing a City with more than 500.000 PeopleNo
88%
All tiles containing a City with more than 1M PeopleYes
88%
All tiles containing a City with more than 500.000 PeopleYes
88%
All tiles containing a City with more than 1M PeopleNo
88%
All tiles containing a City with more than 1M PeopleYes
84%
All tiles containing a City with more than 1M PeopleNo
80%
All tiles containing a City with more than 1M PeopleNo
80%
All tiles containing a City with more than 10M PeopleNo
80%
All tiles containing a City with more than 10M PeopleNo
80%
All tiles containing a City with more than 10M PeopleNo
76%
All tiles containing a City with more than 10M PeopleNo
76%
All tiles containing a City with more than 1M PeopleYes
76%
All tiles containing a City with more than 500.000 PeopleYes
72%
All tiles containing a City with more than 1M PeopleYes
72%
All tiles containing a City with more than 500.000 PeopleYes
68%
All tiles containing a City with more than 500.000 PeopleNo
68%
All tiles containing a City with more than 500.000 PeopleYes
68%
All tiles containing a City with more than 500.000 PeopleYes
68%
All tiles containing a City with more than 1M PeopleYes
64%
All tiles containing a City with more than 500.000 PeopleNo
64%
All tiles containing a City with more than 1M PeopleYes
64%
All tiles containing a City with more than 500.000 PeopleYes
60%
All tiles containing a City with more than 1M PeopleYes
60%
All tiles containing a City with more than 1M PeopleNo
56%
All tiles containing a City with more than 10M PeopleYes
56%
All tiles containing a City with more than 500.000 PeopleNo
56%
All tiles containing a City with more than 500.000 PeopleNo
56%
All tiles containing a City with more than 500.000 PeopleNo
48%
All tiles containing a City with more than 500.000 PeopleYes
48%
All tiles containing a City with more than 500.000 PeopleNo
44%
All tiles containing a City with more than 500.000 PeopleYes
44%
All tiles containing a City with more than 1M PeopleNo
40%
All tiles containing a City with more than 500.000 PeopleNo
40%
All tiles containing a City with more than 10M PeopleNo
32%
All tiles containing a City with more than 1M PeopleNo
32%
All tiles containing a City with more than 10M PeopleNo
24%
All tiles containing a City with more than 500.000 PeopleNo
20%
All tiles containing a City with more than 1M PeopleNo
16%
All tiles containing a City with more than 500.000 PeopleNo
16%
All tiles containing a City with more than 1M PeopleNo
12%

Score Distribution

Percentile by Number Answered

Percent of People with Each Score

Your Score History

You have not taken this quiz